000 00382nam a22001217a 4500
020 _a07-065422-0
082 _a624.171 TUM'T
100 _aTUMA, JAN J
_93085
245 _aTHEORY AND PROBLEMS OF STRUCTURAL ANALYSIS WITH AN INTRODUCTION TO TRANSPORT FLEXIBILITY AND STIFFNESS MATRICES AND THEIR APPLICATION
260 _aNEWYORK
_bMCGRAW HILL
_c1969
300 _a292P
942 _cBK
999 _c582629
_d582629